000 00441nam a22001817a 4500
003 MPLRDC
005 20220104143228.0
008 210129b ||||| |||| 00| 0 eng d
020 _a7-5009-0483-5
082 _a528.956 SPX
100 _a苏丕宪等编著
245 _a乒乓百科知识
_c
250 _a一版一刷
260 _a
_b人民体育出版社
_c1990
300 _b
650 _a乒乓球
942 _cBK
_o528.956 SPX
999 _c37852
_d37842